Utilization of sorghum and millets /

Guardado en:
Autor Corporativo: International Crops Research Institute for the Semi-Arid Tropics.
Otros Autores: Gomez, M.I., House, L.W., Rooney, L.W., Dendy, D. A. V.
Formato: Libro
Idioma:English
Publicado: Patancheru : International Crops Research Institute for the Semi-Arid Tropics, 1992.
Acceso en línea:Texto completo
Etiquetas: Agregar Etiqueta
Sin Etiquetas, Sea el primero en etiquetar este registro!
LEADER 00861nam a22002295a 4500
001 EEA.libagro004652
005 20181106104002.0
008 130809s1992####ii#a##########000#0#eng#d
020 |a 9290661607 
082 0 4 |a 633.17 
082 0 4 |a 662.762 
245 1 0 |a Utilization of sorghum and millets /  |c edited by M.I. Gomez, L.W. House, L.W. Rooney and D.A.V. Dendy. 
260 |a Patancheru :  |b International Crops Research Institute for the Semi-Arid Tropics,  |c 1992. 
300 |a 224 p. :  |b il. ;  |c 24 cm. 
530 |a Disponible también en línea. 
700 1 |a Gomez, M.I. 
700 1 |a House, L.W. 
700 1 |a Rooney, L.W. 
700 1 |a Dendy, D. A. V. 
710 2 |a International Crops Research Institute for the Semi-Arid Tropics. 
856 |u http://oar.icrisat.org/992/1/RA%5F00221.pdf  |3 Texto completo 
859 |a AR-BbBCA  |b BIB. AGRONOMIA  |h 633.17  |i G633  |p 1993/1897